| 000 | 01272nam0a2200373 i 4500 | ||
|---|---|---|---|
| 001 | RU\NLR\BIBL_A\010019698 | ||
| 005 | 20240921212204.0 | ||
| 010 |
_a9785992216066 _95000 |
||
| 021 |
_aRU _b2013-92544 _96409 |
||
| 035 | _a(NILC)RuMoRGB-006698893 | ||
| 035 | _a(NLR Aleph) 010019698 | ||
| 090 |
_a9894982 _c9894982 |
||
| 100 | _a20131228d2013 um y0rusy50 ca | ||
| 101 | 0 | _arus | |
| 102 | _aRU | ||
| 105 | _aa|||z|||000ay | ||
| 200 | 1 |
_aЛеди и война _iЦветы из пепла _eроман _fКарина Демина _g[худож. Е. Никольская] |
|
| 210 |
_aМосква _cАрмада _cАльфа-Книга _d2013 |
||
| 215 |
_a310, [2] с. _cил. _d21 |
||
| 225 | 1 | _aРомантическая фантастика | |
| 225 | 1 | _aФэнтези. Любовный роман. Юмор | |
| 320 | _aДр. кн. авт.: с. 1 | ||
| 333 | _a16+ | ||
| 675 | _a821.161.1-31 | ||
| 686 | 2 | _aШ6(2=Р)6-4 | |
| 700 | 1 |
_7ca _8rus _aЛесина _bЕ. _f1981- _gЕкатерина _9154965 _3RU\NLR\AUTH\770155004 |
|
| 702 | 1 |
_aНикольская _bЕ. _4040 |
|
| 801 | 0 |
_aRU _bRuMoRKP _c20131118 _gRCR |
|
| 801 | 2 |
_aRU _bРГБ _c20131129 _grcr |
|
| 942 | _cBOOK | ||
| 980 | _aNBR | ||